U.S. Cities A-Z on a Map #2 - Statistics

General Stats
  • This quiz has been taken 126 times
  • The average score is 13 of 21
Answers on the Map
Answers color-coded by a green-red scale on the quiz's map according to % correct below.
 
Answer Stats
Letter City % Correct
H Houston
89%
O Oklahoma City
86%
E El Paso
83%
J Jackson
81%
A Albuquerque
80%
K Kansas City
76%
C Cincinnati
75%
P Pittsburgh
74%
F Fargo
69%
L Lansing
66%
T Toledo
61%
M Mobile
60%
S Sioux Falls
59%
D Dayton
56%
N Norfolk
48%
W Worcester
45%
G Greensboro
44%
R Riverside
43%
B Bridgeport
34%
I Irvine
34%
V Vancouver
34%
No matching quizzes found
Score Distribution
Percent of People with Each Score
Percentile by Number Answered
Your Score History
You have not taken this quiz